000
00355nam a2200157Ia 4500
008
221030s9999 xx 000 0 und d
020
_a
8120318870
041
_a
English
082
_a
105.23
_b
Pee
100
_a
P. J. E. Peebles
245
0
_a
Quantum Mechanics
260
_b
PHI
_a
New Delhi
_c
2001
300
_a
419
650
_a
Mechanical
942
_c
BK
999
_c
7776
_d
7776